| 000 | 00336nam a2200121Ia 4500 | ||
|---|---|---|---|
| 008 | 220217s9999||||xx |||||||||||||| ||und|| | ||
| 082 | _a005.13 OTE | ||
| 100 |
_aOtey, Michael _93994 |
||
| 245 | 0 | _aADO .net : the complete reference | |
| 260 |
_aTata mcgraw hill _bNew Delhi _c2003 |
||
| 300 | _b625 | ||
| 650 | _aPROGRAMMING LANGUAGE | ||
| 999 |
_c173394 _d173394 |
||